书目信息 |
| 题名: |
Linux实用教程
|
|
| 作者: | 刘兵 , 吴煜煌 编著 | |
| 分册: | ||
| 出版信息: | 北京 中国水利水电出版社 2004 |
|
| 页数: | 279页 | |
| 开本: | 26cm | |
| 丛书名: | ||
| 单 册: | ||
| 中图分类: | TP316.81 | |
| 科图分类: | ||
| 主题词: | UNIX操作系统--高等学校--教材 | |
| 电子资源: | ||
| ISBN: | 978-7-5084-2237-4 | |
| 000 | 00888nam0 2200265 450- | |
| 001 | 0101062761 | |
| 005 | 20041019104853.0 | |
| 010 | @a978-7-5084-2237-4@dCNY26.00 | |
| 100 | @a20040802d2004 em y0chiy0120 ea | |
| 101 | 0 | @achi |
| 102 | @aCN@b110000 | |
| 105 | @ay z 000yy | |
| 106 | @ar | |
| 200 | 1 | @aLinux实用教程@9L i n u x Shi Yong Jiao Cheng @f刘兵,吴煜煌等编著@b专著 |
| 210 | @a北京@c中国水利水电出版社@d2004 | |
| 215 | @a279页@d26cm | |
| 300 | @a21世纪高等院校计算机系列教材 | |
| 330 | @a本书从三个方面介绍Linux操作系统,涉及本操作系统的安装、配置及常用命令,其操作系统的网络管理,及如何在Linux中进行程序设计。 | |
| 606 | 0 | @aUNIX操作系统@x高等学校@j教材 |
| 610 | 0 | @aLinux |
| 690 | @aTP316.81@v4 | |
| 701 | 0 | @a刘兵@c(计算机)@4编著@9liu bing |
| 701 | 0 | @a吴煜煌@4编著@9wu yu huang |
| 801 | 0 | @aCN@bAZmarc@c20230831 |
| 905 | @aBZT@dTP316@e164@f2@sTP316/164 | |
| Linux实用教程/刘兵,吴煜煌等编著.-北京:中国水利水电出版社,2004 |
| 279页;26cm |
| 21世纪高等院校计算机系列教材 |
| ISBN 978-7-5084-2237-4:CNY26.00 |
| 本书从三个方面介绍Linux操作系统,涉及本操作系统的安装、配置及常用命令,其操作系统的网络管理,及如何在Linux中进行程序设计。 |
| ● |
| 相关链接 |
|
|
|
正题名:Linux实用教程
索取号:TP316/164
 
预约/预借
| 序号 | 登录号 | 条形码 | 馆藏地/架位号 | 状态 | 备注 |
| 1 | 2000024168 | 2000024168 | 旧书回溯/ [索取号:TP316/164] | 在馆 | |
| 2 | 2000024169 | 2000024169 | 旧书回溯/ [索取号:TP316/164] | 在馆 |